000 00398nam a2200133Ia 4500
008 151001s9999||||xx |||||||||||||| ||und||
100 _aस्टोलबर्ग
245 _aसुरक्षा और प्राथमिक चिकित्सा
250 _a1
260 _bजनवाणी प्रकाशन
260 _c1999
300 _a103
365 _b21
999 _c978991
_d978988